000 01561nam0a2200349 4500
001 RU\NLR\bibl\1211347
005 20250615104701.0
010 _a978-5-82-57-0239-8
_9300
021 _aRU
_b2008-28464
_91576
035 _a(NLR Aleph) 001197772
090 _a1757893
_c1757893
100 _a20080407d2007 |||y0rusy50 ca
101 0 _arus
102 _aRU
105 _aa |||||||||
200 1 _aИнформационное обеспечение управленческой деятельности профсоюзов
_fАпокина К.В.
_gФНРП Единство. Солидарность. Справедливость
210 _aУфа
_cПКФ "БумЦентр"
_d2007
215 _a141 с.
_cил.
_d21
300 _aНа 3-й с. обл. авт.: Апокина К.В. к.социал.н., доц.
320 _aБиблиогр.: с. 128-140 (181 назв.) и в подстроч. примеч.
606 1 _aПрофессиональные союзы
_xИнформационное обеспечение
_92327154
_3RU\NLR\auth\661391874
606 1 _aСоциально-трудовые отношения
_xУчастие профсоюзов
_yРоссийская Федерация
_92254231
_3RU\NLR\auth\661351962
686 _aФ72(2)274
686 _aФ72(2)274-331
700 1 _aАпокина
_bК. В.
_gКристина Валерьевна
_4070
801 0 _aRU
_bNLR
_c20080407
_gRCR
801 1 _aRU
_bNLR
_c20080407
830 _aавт. по кн.
942 _cBOOK
980 _aNB
980 _aNBR